[Event "GER-ch U18 Girls"]
[Site "Willingen"]
[Date "2021.08.25"]
[Round "4"]
[White "Bui, Ngoc Han Julia"]
[Black "Muedder, Melanie"]
[Result "1/2-1/2"]
[WhiteElo "1891"]
[BlackElo "1959"]
[PlyCount "74"]
[EventDate "2021.08.22"]
[EventType "swiss"]
[EventRounds "9"]
[EventCountry "GER"]
[SourceTitle "EXT 2022"]
[Source "ChessBase"]
[SourceDate "2021.10.06"]
[SourceVersion "1"]
[SourceVersionDate "2021.10.06"]
[SourceQuality "1"]

1. e4 c5 2. Nc3 Nc6 3. Nge2 Nd4 4. d3 g6 5. Be3 Bg7 6. Qd2 d6 7. Nd1 d5 8. c3 Nxe2 9. Bxe2 d4 10. Bg5 f6 11. Bh4 Bh6 12. Qc2 e5 13. Bg3 Be6 14. 0-0 Qd6 15. b4 Ne7 16. bxc5 Qxc5 17. Rb1 b6 18. Qa4+ Qc6 19. Qb4 Qd7 20. f4 0-0 21. fxe5 Nc6 22. Qd6 fxe5 23. Qxd7 Bxd7 24. c4 Rxf1+ 25. Kxf1 Rf8+ 26. Kg1 Re8 27. Rb5 Bf8 28. Nf2 h5 29. Nh3 Bxh3 30. gxh3 Bc5 31. Be1 Rf8 32. Kg2 Kg7 33. Rb2 Ba3 34. Rb1 Bc5 35. Bd1 Nd8 36. a4 a5 37. Bg3 Nc6 1/2-1/2

[Event "Youth District Germany"]
[Site "Wuerzburg"]
[Date "2018.10.04"]
[Round "3.5"]
[White "Bui, Ngoc Han Julia"]
[Black "Genov, Valentin"]
[Result "1-0"]
[WhiteElo "1876"]
[BlackElo "1756"]
[PlyCount "65"]
[EventDate "2018.10.02"]
[EventType "team-swiss"]
[EventRounds "7"]
[EventCountry "GER"]
[SourceTitle "CBM 186 Extra"]
[Source "ChessBase"]
[SourceDate "2018.08.24"]
[SourceVersion "1"]
[SourceVersionDate "2018.08.24"]
[SourceQuality "1"]
[WhiteTeam "Sachsen U20 II"]
[BlackTeam "Hamburg U20"]
[WhiteTeamCountry "GER"]
[BlackTeamCountry "GER"]

1. e4 c5 2. Nf3 d6 3. d4 cxd4 4. Nxd4 Nf6 5. Nc3 g6 6. Be3 Bg7 7. f3 Nc6 8. Bc4 0-0 9. Qd2 Bd7 10. h4 h5 11. 0-0-0 Qa5 12. Kb1 Rfc8 13. Bb3 Ne5 14. Bh6 Bxh6 15. Qxh6 Rxc3 16. bxc3 Rc8 17. Qd2 Nc4 18. Bxc4 Rxc4 19. Nb3 Qc7 20. Qc1 a5 21. Rd4 Rxc3 22. Rd3 Rc6 23. Nd4 Rc4 24. Rhd1 a4 25. c3 b5 26. a3 d5 27. exd5 Nxd5 28. Nxb5 Bxb5 29. Rxd5 Rxc3 30. Qb2 Be8 31. Rd8 Kf8 32. R1d3 Rc6 33. Qh8# 1-0

[Event "Youth District Germany"]
[Site "Wuerzburg"]
[Date "2018.10.03"]
[Round "1.5"]
[White "Bui, Ngoc Han Julia"]
[Black "Halas, Julia"]
[Result "1-0"]
[WhiteElo "1876"]
[BlackElo "1972"]
[PlyCount "69"]
[EventDate "2018.10.02"]
[EventType "team-swiss"]
[EventRounds "7"]
[EventCountry "GER"]
[SourceTitle "CBM 186 Extra"]
[Source "ChessBase"]
[SourceDate "2018.08.24"]
[SourceVersion "1"]
[SourceVersionDate "2018.08.24"]
[SourceQuality "1"]
[WhiteTeam "Sachsen U20 II"]
[BlackTeam "Sachsen U20"]
[WhiteTeamCountry "GER"]
[BlackTeamCountry "GER"]

1. e4 e6 2. d4 d5 3. Nc3 Nf6 4. e5 Nfd7 5. f4 c5 6. Nf3 Nc6 7. Be3 Be7 8. Qd2 0-0 9. dxc5 Qa5 10. 0-0-0 b6 11. Bb5 Bb7 12. Kb1 Kh8 13. cxb6 axb6 14. Nd4 Rfc8 15. Nb3 Qa7 16. a3 Nc5 17. Bxc6 Bxc6 18. Qf2 Qb7 19. Bd4 Na4 20. Nxa4 Bxa4 21. f5 Qc6 22. f6 gxf6 23. exf6 Bf8 24. Rd3 b5 25. Rc3 Qd6 26. Bc5 Qd8 27. Bxf8 Qxf8 28. Rh3 b4 29. Qh4 h6 30. Qf4 Kh7 31. Rg3 Rc4 32. Qd2 Kh8 33. Rg7 Rh4 34. Qd3 Re4 35. Qh3 1-0

[Event "GER-ch U16 Girls"]
[Site "Willingen"]
[Date "2018.05.26"]
[Round "9"]
[White "Schulze, Lara"]
[Black "Bui, Ngoc Han Julia"]
[Result "1-0"]
[WhiteElo "2115"]
[BlackElo "1864"]
[PlyCount "61"]
[EventDate "2018.05.19"]
[EventType "swiss"]
[EventRounds "9"]
[EventCountry "GER"]
[SourceTitle "CBM 184 Extra"]
[Source "ChessBase"]
[SourceDate "2018.06.28"]
[SourceVersion "1"]
[SourceVersionDate "2018.06.28"]
[SourceQuality "1"]

1. e4 c5 2. Nf3 d6 3. Bb5+ Nc6 4. 0-0 Bd7 5. Re1 e6 6. c3 a6 7. Bf1 Nf6 8. d4 cxd4 9. cxd4 Be7 10. Nc3 0-0 11. d5 Nb8 12. Qb3 exd5 13. exd5 Bc8 14. Bf4 Nh5 15. Be3 Nd7 16. a4 Nc5 17. Bxc5 dxc5 18. Ne4 Nf6 19. Nxf6+ Bxf6 20. Ne5 Qd6 21. f4 Bd7 22. Bd3 Rab8 23. a5 Rfe8 24. Qc3 Re7 25. Rac1 Qxd5 26. Qxc5 Qxc5+ 27. Rxc5 Rbe8 28. Rc7 Bxe5 29. Rxe5 Rxe5 30. fxe5 Bc6 31. Bc4 1-0

[Event "GER-ch U16 Girls"]
[Site "Willingen"]
[Date "2018.05.23"]
[Round "6"]
[White "Reitz, Theresa"]
[Black "Bui, Ngoc Han Julia"]
[Result "1-0"]
[WhiteElo "1781"]
[BlackElo "1864"]
[PlyCount "89"]
[EventDate "2018.05.19"]
[EventType "swiss"]
[EventRounds "9"]
[EventCountry "GER"]
[SourceTitle "CBM 184 Extra"]
[Source "ChessBase"]
[SourceDate "2018.06.28"]
[SourceVersion "1"]
[SourceVersionDate "2018.06.28"]
[SourceQuality "1"]

1. e4 e6 2. d4 d5 3. Nd2 Nf6 4. e5 Nfd7 5. f4 c5 6. c3 Nc6 7. Ndf3 Qb6 8. a3 a5 9. b3 cxd4 10. cxd4 Be7 11. h4 f6 12. Bd3 f5 13. Ne2 Nf8 14. h5 Bd7 15. Be3 Bxa3 16. Kf2 Bb4 17. Qg1 Ne7 18. g4 Bb5 19. Bxb5+ Qxb5 20. Nh4 Rc8 21. gxf5 Rc2 22. Qd1 Qc6 23. fxe6 Nxe6 24. Qd3 0-0 25. Kg3 b5 26. f5 Nd8 27. Rac1 Rxc1 28. Rxc1 Qd7 29. Rf1 Kh8 30. Ng1 a4 31. bxa4 bxa4 32. Bc1 a3 33. Bxa3 Nxf5+ 34. Rxf5 Bxa3 35. Rxf8+ Bxf8 36. Qf3 Kg8 37. Nh3 Be7 38. Nf5 Qe6 39. Nxe7+ Qxe7 40. Qxd5+ Kh8 41. Nf4 Qg5+ 42. Kf3 Qh4 43. Qd7 Qh1+ 44. Ke3 Qe1+ 45. Ne2 1-0

[Event "GER-ch U16 Girls"]
[Site "Willingen"]
[Date "2018.05.20"]
[Round "2"]
[White "Koenze, Heike"]
[Black "Bui, Ngoc Han Julia"]
[Result "1/2-1/2"]
[WhiteElo "1794"]
[BlackElo "1864"]
[PlyCount "47"]
[EventDate "2018.05.19"]
[EventType "swiss"]
[EventRounds "9"]
[EventCountry "GER"]
[SourceTitle "CBM 184 Extra"]
[Source "ChessBase"]
[SourceDate "2018.06.28"]
[SourceVersion "1"]
[SourceVersionDate "2018.06.28"]
[SourceQuality "1"]

1. c4 Nf6 2. Nc3 g6 3. Nf3 Bg7 4. g3 0-0 5. Bg2 d5 6. cxd5 Nxd5 7. 0-0 Nc6 8. Qb3 Nb6 9. d3 Bg4 10. Be3 Qd7 11. Rfd1 Be6 12. Qa3 Nd5 13. Bd2 Qd6 14. Qxd6 exd6 15. Ng5 Nxc3 16. Bxc3 Bg4 17. Bxg7 Kxg7 18. Rd2 Rfe8 19. e3 h6 20. Nf3 Ne7 21. Rc2 c6 22. Nd2 d5 23. Nb3 b6 24. Nd4 1/2-1/2

[Event "BL2 Ost 1718 (Women)"]
[Site "Germany"]
[Date "2018.01.28"]
[Round "5.2"]
[White "Brand, Kathrin"]
[Black "Bui, Ngoc Han Julia"]
[Result "0-1"]
[WhiteElo "1896"]
[BlackElo "1794"]
[PlyCount "82"]
[EventDate "2017.10.14"]
[EventType "team-tourn"]
[EventRounds "7"]
[EventCountry "GER"]
[SourceTitle "EXT 2019"]
[Source "ChessBase"]
[SourceDate "2018.10.10"]
[SourceVersion "1"]
[SourceVersionDate "2018.10.10"]
[SourceQuality "1"]
[WhiteTeam "Chemnitz Aufbau (W)"]
[BlackTeam "Dresden USV TU (W)"]
[WhiteTeamCountry "GER"]
[BlackTeamCountry "GER"]

1. b3 e5 2. Bb2 Nc6 3. e3 d5 4. Nf3 Bd6 5. c4 Nf6 6. Be2 Qe7 7. 0-0 dxc4 8. bxc4 0-0 9. d4 e4 10. Nfd2 b6 11. Nc3 Bb7 12. a3 Rad8 13. Qc2 Rfe8 14. Rfd1 Nb8 15. a4 c6 16. a5 Bc8 17. axb6 axb6 18. Qb3 Qc7 19. h3 Bf5 20. Ba3 Nbd7 21. Bxd6 Qxd6 22. Ra7 Qe6 23. Bf1 Nh5 24. Ne2 Qg6 25. Kh1 Re6 26. Nf4 Nxf4 27. exf4 e3 28. Qa2 e2 29. Rxd7 Rde8 30. Re1 exf1Q+ 31. Rxf1 Re1 32. Rxe1 Rxe1+ 33. Kh2 Bxd7 34. Nf3 Re8 35. Ne5 Qe6 36. Qa7 Bc8 37. Qxb6 f6 38. Nxc6 Bd7 39. d5 Qd6 40. g3 Bxc6 41. dxc6 Rc8 0-1

[Event "BL2 Ost 1718 (Women)"]
[Site "Germany"]
[Date "2018.01.27"]
[Round "4.2"]
[White "Bui, Ngoc Han Julia"]
[Black "Skibbe, Diana"]
[Result "1/2-1/2"]
[WhiteElo "1794"]
[BlackElo "1999"]
[PlyCount "56"]
[EventDate "2017.10.14"]
[EventType "team-tourn"]
[EventRounds "7"]
[EventCountry "GER"]
[SourceTitle "EXT 2019"]
[Source "ChessBase"]
[SourceDate "2018.10.10"]
[SourceVersion "1"]
[SourceVersionDate "2018.10.10"]
[SourceQuality "1"]
[WhiteTeam "Dresden USV TU (W)"]
[BlackTeam "Zeulenroda (W)"]
[WhiteTeamCountry "GER"]
[BlackTeamCountry "GER"]

1. e4 e5 2. Nf3 Nc6 3. Bb5 a6 4. Ba4 Nf6 5. d3 b5 6. Bb3 Be7 7. 0-0 d6 8. a4 Rb8 9. axb5 axb5 10. c3 0-0 11. Re1 Bg4 12. Nbd2 Qd7 13. Nf1 Ra8 14. Rxa8 Rxa8 15. Ng3 Ra1 16. h3 Be6 17. Bc2 h6 18. Qe2 Qc8 19. Nf5 Bf8 20. d4 Bxf5 21. exf5 exd4 22. Qxb5 Na7 23. Qc4 dxc3 24. bxc3 d5 25. Qh4 Qa6 26. Qg3 Bd6 27. Qh4 Bf8 28. Qg3 Bd6 1/2-1/2

[Event "GER-chT U14 Girls"]
[Site "Neumuenster"]
[Date "2017.12.30"]
[Round "7.1"]
[White "Rudolph, Eva"]
[Black "Bui, Ngoc Han Julia"]
[Result "1/2-1/2"]
[WhiteElo "1795"]
[BlackElo "1846"]
[PlyCount "60"]
[EventDate "2017.12.26"]
[EventType "team-swiss"]
[EventRounds "7"]
[EventCountry "GER"]
[SourceTitle "CBM 182 Extra"]
[Source "ChessBase"]
[SourceDate "2018.02.23"]
[SourceVersion "1"]
[SourceVersionDate "2018.02.23"]
[SourceQuality "1"]
[WhiteTeam "Duesseldorf SK"]
[BlackTeam "Leipzig SG"]
[WhiteTeamCountry "GER"]
[BlackTeamCountry "GER"]

1. e4 e6 2. d4 d5 3. Nd2 Nf6 4. e5 Nfd7 5. Bd3 c5 6. c3 Nc6 7. Ne2 cxd4 8. cxd4 f6 9. exf6 Nxf6 10. Nf3 Bd6 11. 0-0 Qc7 12. Bg5 0-0 13. Bh4 Nh5 14. Qc2 h6 15. Bg6 Rxf3 16. gxf3 Bxh2+ 17. Kh1 Nf4 18. Nxf4 Qxf4 19. Bg3 Bxg3 20. fxg3 Qxg3 21. Qg2 Qh4+ 22. Qh2 Qxh2+ 23. Kxh2 Nxd4 24. Rac1 Nc6 25. Be8 Kf8 26. Bxc6 bxc6 27. Rxc6 Bd7 28. Rc7 Ke7 29. Rg1 g5 30. Rgc1 Kd6 1/2-1/2

[Event "EU-ch U14 Girls 27th"]
[Site "Mamaia"]
[Date "2017.09.07"]
[Round "3"]
[White "Eizaguerri Floris, Maria"]
[Black "Bui, Ngoc Han Julia"]
[Result "1-0"]
[WhiteElo "2098"]
[BlackElo "1850"]
[PlyCount "79"]
[EventDate "2017.09.05"]
[EventType "swiss"]
[EventRounds "9"]
[EventCountry "ROU"]
[SourceTitle "CBM 180 Extra"]
[Source "ChessBase"]
[SourceDate "2017.10.06"]
[SourceVersion "1"]
[SourceVersionDate "2017.10.06"]
[SourceQuality "1"]

1. e4 c5 2. c3 e6 3. d4 d5 4. exd5 exd5 5. Nf3 Nc6 6. Be2 Bd6 7. 0-0 Nge7 8. dxc5 Bxc5 9. Nd4 Bxd4 10. cxd4 Qb6 11. Nc3 Qxd4 12. Nb5 Qxd1 13. Rxd1 0-0 14. Nc7 Rb8 15. Bf4 Ng6 16. Bd6 Rd8 17. Bg3 Bf5 18. Nb5 Nge5 19. Nxa7 f6 20. Nb5 Rbc8 21. f4 Ng4 22. Bf3 Ne3 23. Rd2 Bg6 24. b3 Nb4 25. Bf2 Nec2 26. Rad1 Bf7 27. a3 Na6 28. Bb6 Re8 29. Nd6 Ne3 30. Ra1 Rc6 31. Nxe8 Rxb6 32. Re1 Re6 33. Kf2 Rxe8 34. Rxe3 Rd8 35. b4 Nc7 36. Re7 Nb5 37. Rxb7 Nxa3 38. Ra2 Nc4 39. Raa7 Nd6 40. Rd7 1-0

[Event "GER-ch U14 Girls"]
[Site "Willingen"]
[Date "2017.06.08"]
[Round "7"]
[White "Khamenya, Vitalia"]
[Black "Bui, Ngoc Han Julia"]
[Result "1/2-1/2"]
[WhiteElo "1792"]
[BlackElo "1852"]
[PlyCount "85"]
[EventDate "2017.06.04"]
[EventType "swiss"]
[EventRounds "9"]
[EventCountry "GER"]
[SourceTitle "CBM 178 Extra"]
[Source "ChessBase"]
[SourceDate "2017.06.22"]
[SourceVersion "1"]
[SourceVersionDate "2017.06.22"]
[SourceQuality "1"]

1. d4 d5 2. e3 Nf6 3. Bd3 g6 4. Nd2 Bg7 5. f4 0-0 6. Ngf3 Ne8 7. 0-0 Nd6 8. c3 Bf5 9. Qc2 Bxd3 10. Qxd3 Nd7 11. e4 dxe4 12. Nxe4 Nf6 13. Ng3 e6 14. Ne5 Nd7 15. Ne4 f6 16. Nxd7 Qxd7 17. Nc5 Qf7 18. Re1 Rae8 19. Qh3 f5 20. Be3 b6 21. Nd3 Nc4 22. Re2 Re7 23. Bf2 Bf6 24. Bh4 Bxh4 25. Qxh4 Qf6 26. Qxf6 Rxf6 27. Nb4 Rd7 28. Rae1 a5 29. Nc6 Rd6 30. Ne5 b5 31. Nd3 Kf8 32. Nc5 Ke7 33. g4 fxg4 34. Ne4 Rxf4 35. Nxd6 cxd6 36. Rxe6+ Kd7 37. Re7+ Kc6 38. Rxh7 Nxb2 39. Rg7 b4 40. cxb4 axb4 41. Rc1+ Kd5 42. Rxg6 Rxd4 43. Rg5+ 1/2-1/2

[Event "GER-chT U14"]
[Site "Duesseldorf"]
[Date "2016.12.29"]
[Round "5.3"]
[White "Knuedel, Torben"]
[Black "Bui, Ngoc Han Julia"]
[Result "1/2-1/2"]
[WhiteElo "1773"]
[BlackElo "1796"]
[PlyCount "84"]
[EventDate "2016.12.27"]
[EventType "team-swiss"]
[EventRounds "7"]
[EventCountry "GER"]
[SourceTitle "EXT 2018"]
[Source "ChessBase"]
[SourceDate "2017.10.13"]
[SourceVersion "1"]
[SourceVersionDate "2017.10.13"]
[SourceQuality "1"]
[WhiteTeam "Uelzen Post U14"]
[BlackTeam "Dresden Leuben U14"]
[WhiteTeamCountry "GER"]
[BlackTeamCountry "GER"]

1. e4 e6 2. d4 d5 3. exd5 exd5 4. Bd3 c5 5. Nf3 c4 6. Be2 Nf6 7. Nc3 Be7 8. 0-0 0-0 9. b3 cxb3 10. axb3 Nc6 11. Re1 Re8 12. Bb5 Bg4 13. Qd3 Bxf3 14. Bxc6 bxc6 15. Qxf3 Qd7 16. Bd2 Bb4 17. Kf1 Bxc3 18. Bxc3 Ne4 19. Qe3 Re6 20. f3 Ng3+ 21. hxg3 Rxe3 22. Rxe3 Qf5 23. Rae1 h6 24. R1e2 a5 25. Re8+ Rxe8 26. Rxe8+ Kh7 27. Re2 Qf6 28. Re5 Qd6 29. Kf2 Qa3 30. Re1 Qa2 31. Rc1 a4 32. bxa4 Qxa4 33. Ke3 Qc4 34. Bb2 c5 35. dxc5 Qxc5+ 36. Bd4 Qa3+ 37. Kd2 Qd6 38. g4 Qg3 39. Rg1 Kg6 40. c3 f5 41. gxf5+ Kxf5 42. Ke2 Kg6 1/2-1/2

[Event "GER-chT Lands U20"]
[Site "Hannover"]
[Date "2016.10.03"]
[Round "4.7"]
[White "Bui, Ngoc Han Julia"]
[Black "Koelle, Tobias"]
[Result "1/2-1/2"]
[WhiteElo "1765"]
[BlackElo "1853"]
[PlyCount "96"]
[EventDate "2016.10.01"]
[EventType "team-swiss"]
[EventRounds "7"]
[EventCountry "GER"]
[SourceTitle "CBM 174 Extra"]
[Source "ChessBase"]
[SourceDate "2016.10.10"]
[SourceVersion "1"]
[SourceVersionDate "2016.10.10"]
[SourceQuality "1"]
[WhiteTeam "Sachsen"]
[BlackTeam "Wuerttemberg"]
[WhiteTeamCountry "GER"]
[BlackTeamCountry "GER"]

1. e4 e5 2. Nf3 Nc6 3. Bb5 a6 4. Ba4 Nf6 5. d3 b5 6. Bb3 Be7 7. a4 b4 8. 0-0 d6 9. h3 0-0 10. Nbd2 Be6 11. Nc4 Nd7 12. Be3 Kh8 13. c3 f5 14. Ncxe5 Bxb3 15. Nxc6 Bxd1 16. Nxd8 Bxf3 17. Nc6 Be2 18. Rfe1 Bxd3 19. Nxe7 Bxe4 20. f3 Bb7 21. Rad1 bxc3 22. bxc3 Ne5 23. Nd5 Bxd5 24. Rxd5 Nc4 25. Rd4 Nxe3 26. Rxe3 Rfe8 27. Kf2 Kg8 28. Rb4 Rxe3 29. Kxe3 Re8+ 30. Kd3 Re5 31. Rb7 Rc5 32. c4 Kf7 33. Ra7 a5 34. f4 Kf6 35. Kd4 g5 36. fxg5+ Kxg5 37. Ra8 h5 38. g3 f4 39. Rg8+ Kf5 40. Rf8+ Kg5 41. Rxf4 Re5 42. Rf7 c5+ 43. Kd3 Re1 44. Rd7 Ra1 45. Ke4 Rxa4 46. Kd5 Ra3 47. Rxd6 Rxg3 48. Ra6 Rxh3 1/2-1/2

[Event "GER-ch U14 Girls"]
[Site "Willingen"]
[Date "2016.05.19"]
[Round "7"]
[White "Reitz, Theresa"]
[Black "Bui, Ngoc Han Julia"]
[Result "1-0"]
[WhiteElo "1752"]
[BlackElo "1756"]
[PlyCount "69"]
[EventDate "2016.05.15"]
[EventType "swiss"]
[EventRounds "9"]
[EventCountry "GER"]
[SourceTitle "CBM 172 Extra"]
[Source "ChessBase"]
[SourceDate "2016.06.21"]
[SourceVersion "1"]
[SourceVersionDate "2016.06.21"]
[SourceQuality "1"]

1. d4 Nf6 2. Nf3 d5 3. b4 g6 4. Nbd2 Qd6 5. Rb1 Bg7 6. e3 a5 7. b5 Bf5 8. a4 Nbd7 9. Ra1 c5 10. bxc6 bxc6 11. Ba3 Qc7 12. Nb3 Ne4 13. c4 Nb6 14. Nc5 Nxc5 15. Bxc5 dxc4 16. Rc1 0-0 17. Bxc4 Nxc4 18. Rxc4 Rfd8 19. Qe2 Rab8 20. 0-0 Bc8 21. Rc3 Be6 22. Qc2 Qb7 23. Nd2 Qb2 24. Bxe7 Rd7 25. Ba3 Qxc2 26. Rxc2 Bb3 27. Rb2 Rdb7 28. Rfb1 c5 29. Rxb3 Rxb3 30. Rxb3 Rxb3 31. Nxb3 c4 32. Nxa5 c3 33. Nb3 f5 34. a5 c2 35. a6 1-0

[Event "GER-ch U14 Girls"]
[Site "Willingen"]
[Date "2016.05.16"]
[Round "3"]
[White "Geletzke, Hannah"]
[Black "Bui, Ngoc Han Julia"]
[Result "0-1"]
[WhiteElo "1470"]
[BlackElo "1756"]
[PlyCount "86"]
[EventDate "2016.05.15"]
[EventType "swiss"]
[EventRounds "9"]
[EventCountry "GER"]
[SourceTitle "CBM 172 Extra"]
[Source "ChessBase"]
[SourceDate "2016.06.21"]
[SourceVersion "1"]
[SourceVersionDate "2016.06.21"]
[SourceQuality "1"]

1. d4 Nf6 2. c4 g6 3. Nc3 d5 4. cxd5 Nxd5 5. e4 Nxc3 6. bxc3 Bg7 7. Nf3 c5 8. Bb5+ Nd7 9. 0-0 0-0 10. Re1 a6 11. Ba4 b5 12. Bc2 Nb6 13. Bf4 cxd4 14. cxd4 Bg4 15. Rc1 Ra7 16. Be3 Rd7 17. d5 e6 18. h3 Bxf3 19. Qxf3 Nc4 20. Bc5 Re8 21. dxe6 Rxe6 22. Bb3 Rf6 23. Qe2 Ne5 24. Bd5 Bf8 25. Bd4 Re6 26. Rcd1 Re8 27. f4 Nc4 28. Bc6 Rxd4 29. Bxe8 Bc5 30. Bxf7+ Kxf7 31. Kh1 Rd2 32. Rxd2 Qxd2 33. Qxd2 Nxd2 34. Kh2 a5 35. e5 b4 36. Rc1 Be3 37. Rc7+ Ke6 38. Kg3 a4 39. Rc6+ Kd7 40. Rd6+ Ke7 41. Rd3 b3 42. axb3 axb3 43. e6 b2 0-1

[Event "GER-chT U14 Girls"]
[Site "Magdeburg"]
[Date "2015.12.29"]
[Round "5.1"]
[White "Nguyen, Ha Thanh"]
[Black "Bui, Ngoc Han Julia"]
[Result "1/2-1/2"]
[WhiteElo "1666"]
[BlackElo "1600"]
[PlyCount "106"]
[EventDate "2015.12.27"]
[EventType "team-swiss"]
[EventRounds "7"]
[EventCountry "GER"]
[SourceTitle "EXT 2017"]
[Source "ChessBase"]
[SourceDate "2016.10.25"]
[SourceVersion "1"]
[SourceVersionDate "2016.10.25"]
[SourceQuality "1"]
[WhiteTeam "Erfurt Empor"]
[BlackTeam "Dresden Leuben"]
[WhiteTeamCountry "GER"]
[BlackTeamCountry "GER"]

1. e4 e6 2. d4 d5 3. exd5 exd5 4. c4 Nf6 5. Nc3 Bb4 6. Bd3 0-0 7. Nge2 dxc4 8. Bxc4 c6 9. 0-0 Nbd7 10. Bg5 Nb6 11. Bb3 Bf5 12. Ng3 Bg6 13. f4 h6 14. Bh4 Be7 15. f5 Bh7 16. Qd2 Ng4 17. Bxe7 Qxe7 18. Qf4 Qe3+ 19. Qxe3 Nxe3 20. Rf3 Rfe8 21. Re1 Nec4 22. Rxe8+ Rxe8 23. Bxc4 Nxc4 24. b3 Nd6 25. Kf2 f6 26. Rf4 Kf8 27. Nce4 Ke7 28. Nxd6 Kxd6 29. Ne4+ Kc7 30. g4 Bg8 31. Ng3 Bd5 32. Ne2 a5 33. Nc3 Bf7 34. Re4 Rxe4 35. Nxe4 a4 36. Nd2 axb3 37. axb3 h5 38. h3 hxg4 39. hxg4 Kd6 40. Ne4+ Kd5 41. Ke3 b6 42. b4 Be8 43. Kd3 Bd7 44. Ng3 Be8 45. Ne4 Bf7 46. Nc3+ Kd6 47. Na4 Kc7 48. Ke3 Bd5 49. Nc3 Kd6 50. Kf4 Ke7 51. Kg3 Kf7 52. Kf4 Bc4 53. Ke4 g6 1/2-1/2

[Event "GER-chT U14 Girls"]
[Site "Magdeburg"]
[Date "2015.12.27"]
[Round "2.1"]
[White "Bui, Ngoc Han Julia"]
[Black "Rudolph, Eva"]
[Result "0-1"]
[WhiteElo "1600"]
[BlackElo "1545"]
[PlyCount "92"]
[EventDate "2015.12.27"]
[EventType "team-swiss"]
[EventRounds "7"]
[EventCountry "GER"]
[SourceTitle "EXT 2017"]
[Source "ChessBase"]
[SourceDate "2016.10.25"]
[SourceVersion "1"]
[SourceVersionDate "2016.10.25"]
[SourceQuality "1"]
[WhiteTeam "Dresden Leuben"]
[BlackTeam "Duesseldorf"]
[WhiteTeamCountry "GER"]
[BlackTeamCountry "GER"]

1. e4 e5 2. Nf3 d6 3. d4 exd4 4. Nxd4 Nf6 5. Bd3 Be7 6. 0-0 0-0 7. Nc3 Re8 8. h3 h6 9. f4 a5 10. Kh1 Bf8 11. Qf3 Na6 12. Bd2 Nc5 13. Rae1 c6 14. a3 a4 15. Bc4 Ne6 16. Nxe6 Bxe6 17. Bd3 Qb6 18. Nd1 Qc7 19. Bc3 Be7 20. Ne3 b5 21. e5 dxe5 22. Bxe5 Qb6 23. Bf5 c5 24. Rd1 Rad8 25. Rfe1 Bxf5 26. Nxf5 Bf8 27. Ne3 b4 28. Nc4 Qa6 29. Qf1 Qc6 30. Rxd8 Rxd8 31. Qe2 Nd5 32. f5 Re8 33. Qf2 Nf6 34. Re2 Qa6 35. Bxf6 Rxe2 36. Qxe2 Qxf6 37. Qe5 Qg5 38. Kh2 Qd8 39. Qf4 Qd5 40. Ne3 Qd2 41. Qf3 Bd6+ 42. Kg1 Qe1+ 43. Nf1 Be5 44. c3 bxc3 45. bxc3 Bxc3 46. f6 Bxf6 0-1

[Event "GER-chT U14 Girls"]
[Site "Magdeburg"]
[Date "2015.12.27"]
[Round "1.1"]
[White "Kunisch, Nina"]
[Black "Bui, Ngoc Han Julia"]
[Result "0-1"]
[WhiteElo "1513"]
[BlackElo "1600"]
[PlyCount "70"]
[EventDate "2015.12.27"]
[EventType "team-swiss"]
[EventRounds "7"]
[EventCountry "GER"]
[SourceTitle "EXT 2017"]
[Source "ChessBase"]
[SourceDate "2016.10.25"]
[SourceVersion "1"]
[SourceVersionDate "2016.10.25"]
[SourceQuality "1"]
[WhiteTeam "Neumarkt"]
[BlackTeam "Dresden Leuben"]
[WhiteTeamCountry "GER"]
[BlackTeamCountry "GER"]

1. e4 c5 2. Nc3 d6 3. f4 Nc6 4. Nf3 g6 5. Bc4 e6 6. 0-0 Bg7 7. d3 Nge7 8. Qe2 0-0 9. e5 d5 10. Bb3 Nf5 11. Qf2 b6 12. Ba4 Bb7 13. Bxc6 Bxc6 14. d4 cxd4 15. Nxd4 Nxd4 16. Qxd4 f6 17. Bd2 Rc8 18. Rae1 Bd7 19. b3 Qc7 20. Qd3 fxe5 21. fxe5 Bxe5 22. Rxf8+ Rxf8 23. g3 Qc5+ 24. Kh1 Bg7 25. a4 Rc8 26. Re3 Bh6 27. Rf3 Bxd2 28. Qxd2 Bc6 29. Qe2 Re8 30. Kg2 e5 31. Qe1 e4 32. Rf1 d4 33. Ne2 e3+ 34. Kg1 Qd5 35. Nf4 Qh1# 0-1